| 000 | 00448nam a2200169Ia 4500 | ||
|---|---|---|---|
| 008 | 180921t2016 xxu||||| |||| 00| 0 sin d | ||
| 041 | _asin | ||
| 080 |
_a133.52 _bRAT |
||
| 100 | _aRatuvithana,Piyasena | ||
| 245 | _aජීවිතයට ජ්යෝතිෂය | ||
| 246 | _aJeevithayata Jotishaya | ||
| 260 |
_bGunasena _aColombo _c2016 |
||
| 300 | _b283p, 22cm | ||
| 942 | _cBK | ||
| 999 |
_c4616 _d4616 |
||
| 003 | LK-CoDNM | ||
| 040 |
_aLK-CoDNM _dLK-CoDNM _eLK-CoDNM |
||